LEADER 02163nam a22005775i 4500
001 978-3-319-65133-0
003 DE-He213
005 20170831213337.0
007 cr nn 008mamaa
008 170831s2016 gw | s |||| 0|eng d
020 |a 9783319651330  |9 978-3-319-65133-0 
024 7 |a 10.1007/978-3-319-65133-0  |2 doi 
040 |d GrThAP 
050 4 |a TA459-492 
072 7 |a TDM  |2 bicssc 
072 7 |a TEC021000  |2 bisacsh 
072 7 |a TEC023000  |2 bisacsh 
082 0 4 |a 620.16  |2 23 
245 1 0 |a CFD Modeling and Simulation in Materials Processing 2016  |h [electronic resource] /  |c edited by Laurentiu Nastac, Lifeng Zhang, Brian G. Thomas, Miaoyong Zhu, Andreas Ludwig, Adrian S. Sabau, Koulis Pericleous, Hervé Combeau. 
264 1 |a Cham :  |b Springer International Publishing :  |b Imprint: Springer,  |c 2016. 
300 |a XV, 277 p.  |b online resource. 
336 |a text  |b txt  |2 rdacontent 
337 |a computer  |b c  |2 rdamedia 
338 |a online resource  |b cr  |2 rdacarrier 
347 |a text file  |b PDF  |2 rda 
490 1 |a The Minerals, Metals & Materials Series,  |x 2367-1181 
650 0 |a Materials science. 
650 0 |a Light construction. 
650 0 |a Steel construction. 
650 0 |a Lightweight construction. 
650 0 |a Engineering  |x Materials. 
650 0 |a Metals. 
650 1 4 |a Materials Science. 
650 2 4 |a Metallic Materials. 
650 2 4 |a Light Construction, Steel Construction, Timber Construction. 
650 2 4 |a Materials Engineering. 
700 1 |a Nastac, Laurentiu.  |e editor. 
700 1 |a Zhang, Lifeng.  |e editor. 
700 1 |a Thomas, Brian G.  |e editor. 
700 1 |a Zhu, Miaoyong.  |e editor. 
700 1 |a Ludwig, Andreas.  |e editor. 
700 1 |a Sabau, Adrian S.  |e editor. 
700 1 |a Pericleous, Koulis.  |e editor. 
700 1 |a Combeau, Hervé.  |e editor. 
710 2 |a SpringerLink (Online service) 
773 0 |t Springer eBooks 
776 0 8 |i Printed edition:  |z 9783319651323 
830 0 |a The Minerals, Metals & Materials Series,  |x 2367-1181 
856 4 0 |u http://dx.doi.org/10.1007/978-3-319-65133-0  |z Full Text via HEAL-Link 
912 |a ZDB-2-CMS 
950 |a Chemistry and Materials Science (Springer-11644)